Property development (Record no. 115823)

MARC details
000 -LEADER
fixed length control field 00885cam a22002895a 4500
001 - CONTROL NUMBER
control field L159347
008 - FIXED-LENGTH DATA ELEMENTS--GENERAL INFORMATION
fixed length control field 161007s2016 xxk f 000 0 eng d
020 ## - INTERNATIONAL STANDARD BOOK NUMBER
International Standard Book Number 9781137432469
035 ## - SYSTEM CONTROL NUMBER
System control number (Sirsi) u159347
041 0# - LANGUAGE CODE
Language code of text/sound track or separate title eng
050 04 - LIBRARY OF CONGRESS CALL NUMBER
Classification number 333.33 $2 18
100 1# - MAIN ENTRY--PERSONAL NAME
Personal name Isaac, David
245 00 - TITLE STATEMENT
Title Property development
Remainder of title appraisal and finance
250 ## - EDITION STATEMENT
Edition statement 3rd ed.
260 ## - PUBLICATION, DISTRIBUTION, ETC.
Place of publication, distribution, etc. Basingstoke
Name of publisher, distributor, etc. Palgrave
Date of publication, distribution, etc. 2016
300 ## - PHYSICAL DESCRIPTION
Extent ix, 262p.
Dimensions 24cm.
520 ## - SUMMARY, ETC.
Summary, etc. Gives an overview of the property development process, including site-finding, valuation, funding and construction.
520 ## - SUMMARY, ETC.
Summary, etc. Supersedes second edition (ISBN 9780230201781.
590 ## - LOCAL NOTE (RLIN)
Local note KA
651 #4 - SUBJECT ADDED ENTRY--GEOGRAPHIC NAME
Geographic name United Kingdom
690 ## - LOCAL SUBJECT ADDED ENTRY--TOPICAL TERM (OCLC, RLIN)
Topical term or geographic name as entry element Planning and development
9 (RLIN) 6259
690 ## - LOCAL SUBJECT ADDED ENTRY--TOPICAL TERM (OCLC, RLIN)
Topical term or geographic name as entry element Residential property
9 (RLIN) 6266
690 ## - LOCAL SUBJECT ADDED ENTRY--TOPICAL TERM (OCLC, RLIN)
Topical term or geographic name as entry element Commercial property
9 (RLIN) 6227
700 1# - ADDED ENTRY--PERSONAL NAME
Personal name O'Leary, John
700 1# - ADDED ENTRY--PERSONAL NAME
Personal name Daley, Mark
942 ## - ADDED ENTRY ELEMENTS (KOHA)
Suppress in OPAC 0
Holdings
Withdrawn status Lost status Source of classification or shelving scheme Damaged status Not for loan Home library Current library Shelving location Date acquired Total Checkouts Full call number Barcode Date last seen Copy number Price effective from Koha item type
    Dewey Decimal Classification     London London Books 07/10/2016   333.33 ISA 30078310 06/08/2019 1 06/08/2019 Book